000 00629nam a22001937a 4500
005 20170818171642.0
010 _aENG-119528
020 _c150.00
_a9788184654295
035 _aEN-103060
037 _bDBAD/PUB
082 _a280.51
100 _aSubhin Raj
245 _aVocational stress in pastoral ministry /
_cby Subin Raj
260 _aDelhi
_bThe Indian Society for Promoting Christian Knowlewdge(ISPCK))
_c2014
270 _a1585,1654 Madarsa Road Kashmere Gate
_bDelhi
_e110006
300 _axix,102p.
_c23cm(pbk)
500 _aIncludes bibliographical references
942 _2ddc
_cEN
_mSUB
_h280.51
999 _c143127
_d143127